[Event "Montigny le Bretonneux op 25th"]
[Site "Montigny le Bretonneux"]
[Date "2023.05.21"]
[Round "8"]
[White "Claisse, Patrick"]
[Black "Hoarau, Jules"]
[Result "1-0"]
[WhiteElo "1702"]
[BlackElo "1416"]
[PlyCount "78"]
[EventDate "2023.05.18"]
[EventType "swiss"]
[EventRounds "9"]
[EventCountry "FRA"]
[SourceTitle "CBM 214 Extra"]
[Source "ChessBase"]
[SourceDate "2023.07.31"]
[SourceVersion "1"]
[SourceVersionDate "2023.07.31"]
[SourceQuality "1"]

1. e4 d5 2. exd5 Nf6 3. d4 Nxd5 4. c4 Nf6 5. Nc3 e5 6. Nf3 exd4 7. Nxd4 Bb4 8. Qa4+ c6 9. Qxb4 Qxd4 10. Be3 Qe5 11. Be2 Na6 12. Qb3 0-0 13. Rd1 Nc7 14. Qb4 b6 15. Qd6 Qxd6 16. Rxd6 c5 17. Bf3 Rb8 18. 0-0 Ba6 19. b3 Rfd8 20. Rfd1 Rxd6 21. Rxd6 Ne6 22. Nd5 Nxd5 23. cxd5 Nf8 24. Bxc5 Rc8 25. Ba3 g6 26. h3 Bd3 27. Rc6 Bf5 28. Be2 Rxc6 29. dxc6 Bc8 30. b4 Ne6 31. b5 Nc5 32. Bxc5 bxc5 33. a4 Kf8 34. a5 Ke7 35. b6 axb6 36. axb6 Kd6 37. b7 Bxb7 38. cxb7 Kc7 39. Bf3 f6 1-0